[Event "Padova Weekend op-B 8th"]
[Site "Padova"]
[Date "2005.12.10"]
[Round "1.16"]
[White "Vaglio, Alessandro"]
[Black "Quaranta, Cristiano"]
[Result "0-1"]
[WhiteElo "1661"]
[BlackElo "2026"]
[PlyCount "82"]
[EventDate "2005.12.10"]
[EventType "swiss"]
[EventRounds "6"]
[EventCountry "ITA"]
[SourceTitle "EXT 2024"]
[Source "ChessBase"]
[SourceDate "2023.10.10"]
[SourceVersion "1"]
[SourceVersionDate "2023.10.10"]
[SourceQuality "1"]

1. c4 Nf6 2. Nc3 e6 3. g3 c5 4. Bg2 Nc6 5. d3 Be7 6. Nf3 0-0 7. 0-0 d5 8. cxd5 exd5 9. e3 Bg4 10. Qb3 Qd7 11. d4 c4 12. Qc2 Nb4 13. Qb1 Bf5 14. Ne5 Qe6 15. e4 Nxe4 16. Nxe4 Bxe4 17. Bxe4 dxe4 18. Qxe4 f6 19. Qg4 Qxg4 20. Nxg4 Nc2 21. Rb1 Nxd4 22. a4 Rfd8 23. Ne3 Rac8 24. Rd1 Ne2+ 25. Kf1 Rxd1+ 26. Nxd1 Nd4 27. Be3 Nb3 28. Ke2 Bc5 29. Nc3 Bxe3 30. fxe3 Rd8 31. Rd1 Rxd1 32. Kxd1 Nc5 33. Kc2 Kf7 34. Nb5 a6 35. Nd6+ Ke6 36. Nxc4 Nxa4 37. b3 Nc5 38. b4 Nd7 39. h3 Kd5 40. Kd3 Ne5+ 41. Nxe5 Kxe5 0-1

[Event "Padova op-A 5th"]
[Site "Padova"]
[Date "2002.12.15"]
[Round "3.11"]
[White "Opacic, Alexandar"]
[Black "Vaglio, Alessandro"]
[Result "1-0"]
[WhiteElo "1914"]
[BlackElo "1500"]
[PlyCount "62"]
[EventDate "2002.12.14"]
[EventType "swiss"]
[EventRounds "6"]
[EventCountry "ITA"]
[SourceTitle "EXT 2023"]
[Source "ChessBase"]
[SourceDate "2022.10.05"]
[SourceVersion "1"]
[SourceVersionDate "2022.10.05"]
[SourceQuality "1"]

1. e4 c5 2. Nf3 Nc6 3. d4 cxd4 4. Nxd4 e6 5. Be2 Nf6 6. Nxc6 bxc6 7. Qd3 Qc7 8. 0-0 d5 9. exd5 cxd5 10. Nc3 a6 11. Bg5 Be7 12. Bf3 0-0 13. g3 Rb8 14. b3 Bb7 15. Na4 Rfd8 16. Rfe1 Rbc8 17. c3 Bc6 18. Qxa6 Bxa4 19. Qxa4 Qxc3 20. Bg2 h6 21. Bf4 Ra8 22. Qb5 Qc2 23. b4 Bc5 24. Re2 Qc3 25. Rc1 Ra5 26. Rxc3 Rxb5 27. Rxc5 Rxb4 28. Rc6 Nd7 29. Rec2 e5 30. Rc8 Rf8 31. Rxf8+ Kxf8 1-0

[Event "Padova op-A 5th"]
[Site "Padova"]
[Date "2002.12.14"]
[Round "1.40"]
[White "Vaglio, Alessandro"]
[Black "Quaranta, Cristiano"]
[Result "1-0"]
[WhiteElo "1500"]
[BlackElo "1675"]
[PlyCount "144"]
[EventDate "2002.12.14"]
[EventType "swiss"]
[EventRounds "6"]
[EventCountry "ITA"]
[SourceTitle "EXT 2023"]
[Source "ChessBase"]
[SourceDate "2022.10.05"]
[SourceVersion "1"]
[SourceVersionDate "2022.10.05"]
[SourceQuality "1"]

1. e4 c5 2. Nf3 Nc6 3. d4 cxd4 4. Nxd4 g6 5. Nc3 Bg7 6. Be3 Nf6 7. Qd2 Qa5 8. Nb3 Qc7 9. Be2 0-0 10. Bh6 d6 11. Bxg7 Kxg7 12. 0-0-0 a6 13. Nd5 Nxd5 14. exd5 Ne5 15. f4 Ng4 16. h3 Nf6 17. g4 Kg8 18. f5 gxf5 19. gxf5 Bxf5 20. Qg5+ Bg6 21. Bd3 Rac8 22. h4 Kh8 23. Bxg6 fxg6 24. c3 Ne4 25. Qe3 Nf2 26. Qd4+ Kg8 27. h5 Nxh1 28. hxg6 hxg6 29. Rxh1 Rf6 30. Qh4 Kf7 31. Qh7+ Ke8 32. Qh8+ Kd7 33. Qh3+ Rf5 34. Nd4 Rcf8 35. Nxf5 gxf5 36. Rf1 Qc4 37. Rxf5 Rxf5 38. Qxf5+ Kc7 39. Qe6 Qf4+ 40. Kc2 Qh4 41. b4 b5 42. a3 Qh7+ 43. Kd2 Qh2+ 44. Qe2 Qf4+ 45. Qe3 Qh2+ 46. Qe2 Qf4+ 47. Kc2 Qf5+ 48. Qd3 Qf2+ 49. Kb3 Qf7 50. Qe4 Qg7 51. a4 bxa4+ 52. Kxa4 Qf7 53. Qc4+ Kb7 54. Qc6+ Kb8 55. Ka5 Qf6 56. Kxa6 Qf1+ 57. Ka5 Qa1+ 58. Kb5 Qf1+ 59. Qc4 Qf2 60. Kc6 Qa7 61. Kb5 Qd7+ 62. Qc6 Qd8 63. Qb6+ Kc8 64. Qxd8+ Kxd8 65. Kc6 Kc8 66. c4 Kd8 67. c5 dxc5 68. bxc5 Kc8 69. Kb6 Kb8 70. d6 exd6 71. cxd6 Kc8 72. Kc6 Kd8 1-0